Ngôn ngữ lập trình pascal GT cơ bản, dễ học ,giành cho tất cả mọi người
Giới thiệu về ngôn ngữ lập trình và máy tính , các phần tử cơ bản của ngôn ngữ lập trình pascal, các kiểu dữ liệu ,các kiểu cơ sở hay đơn gian chuẩn..
Đã lưu trong:
| Tác giả chính: | |
|---|---|
| Định dạng: | Sách |
| Năm xuất bản: |
H.
Hà Nội
1993
|
| Chủ đề: | |
| Tags: |
Thêm thẻ
Không có thẻ, Hãy là người đầu tiên gắn thẻ bản ghi này!
|
| LEADER | 00818nam a2200169 4500 | ||
|---|---|---|---|
| 082 | |a 005.133 |b QU102T | ||
| 100 | |a Quách Tuấn Ngọc | ||
| 245 | |a Ngôn ngữ lập trình pascal |c Quách Tuấn Ngọc |b GT cơ bản, dễ học ,giành cho tất cả mọi người | ||
| 260 | |a H. |b Hà Nội |c 1993 | ||
| 300 | |a 172tr. |c 25cm. | ||
| 520 | |a Giới thiệu về ngôn ngữ lập trình và máy tính , các phần tử cơ bản của ngôn ngữ lập trình pascal, các kiểu dữ liệu ,các kiểu cơ sở hay đơn gian chuẩn.. | ||
| 653 | |a Ngôn ngữ lập trình | ||
| 653 | |a Pascal | ||
| 653 | |a Giáo trình | ||
| 942 | |2 ddc |c STK0 | ||
| 999 | |c 7492 |d 7492 | ||
| 952 | |0 0 |1 0 |2 ddc |4 0 |6 005_133000000000000_QU102T |7 0 |8 000 |9 67874 |a qbu |b qbu |c D2 |d 2015-02-13 |g 225000 |o 005.133 QU102T |p 7373.c1 |r 0000-00-00 |w 2015-02-13 |y STK0 | ||